00705nam a2200193 i 450000100060000000300090000600500170001500700030003200800410003510000170007624501620009326000590025530000260031449000500034070000330039070000170042383000500044085200210049056469ES-MaACL20230906163357.0t|031009s1906 fr ||||1| fre d1 aDicey, A. V.10aLecons sur les rapports entre le Droit et l'opinion publique en Anglaterre au cours du diseneuvieme siecle / cA.V. Dicey ; traduit par Alb et Gaston Jèze. a[S.l. : bs.n.], c1906 (eSaint Amand : fBussière) aXV, 921 p. ; c22 cm.1 aBibliothèque internationale de droit public1 aJèze, Gaston (d1869-1953)1 aJéze, Alb.0 aBibliothèque internationale de droit public aES-MaACLjF-3109